Nursing ethics: (Record no. 1937)
[ view plain ]
| 000 -LEADER | |
|---|---|
| fixed length control field | 00581nam a2200157 4500 |
| 008 - FIXED-LENGTH DATA ELEMENTS--GENERAL INFORMATION | |
| fixed length control field | 160421b xxu||||| |||| 00| 0 eng d |
| 020 ## - INTERNATIONAL STANDARD BOOK NUMBER | |
| International Standard Book Number | 9789719357841 |
| 082 ## - DEWEY DECIMAL CLASSIFICATION NUMBER | |
| Edition number | 2008 |
| Classification number | DFil 174.2 |
| Item number | F39 |
| 100 ## - MAIN ENTRY--PERSONAL NAME | |
| 9 (RLIN) | 6188 |
| Personal name | Fernandez, Apolinar Henry T. |
| 245 ## - TITLE STATEMENT | |
| Title | Nursing ethics: |
| Remainder of title | for students and practitioners/ |
| Statement of responsibility, etc. | Ambong Fernandez ; foreword by Patria V. Manalaysay. |
| 260 ## - PUBLICATION, DISTRIBUTION, ETC. (IMPRINT) | |
| Place of publication, distribution, etc. | Davao City: |
| Name of publisher, distributor, etc. | MS Lopez Printing & Pub., |
| Date of publication, distribution, etc. | c2008. |
| 300 ## - PHYSICAL DESCRIPTION | |
| Extent | xv, 181 pages; |
| Dimensions | 23 cm. |
| 500 ## - GENERAL NOTE | |
| General note | Includes bibliographical references and index. |
| 650 #0 - SUBJECT ADDED ENTRY--TOPICAL TERM | |
| 9 (RLIN) | 6189 |
| Topical term or geographic name as entry element | Nursing ethics |
| 942 ## - ADDED ENTRY ELEMENTS (KOHA) | |
| Source of classification or shelving scheme | Dewey Decimal Classification |
| Koha item type | Filipiniana |
| Withdrawn status | Lost status | Source of classification or shelving scheme | Damaged status | Not for loan | Collection code | Home library | Current library | Date acquired | Source of acquisition | Total Checkouts | Full call number | Barcode | Date last seen | Copy number | Price effective from | Koha item type |
|---|---|---|---|---|---|---|---|---|---|---|---|---|---|---|---|---|
| Dewey Decimal Classification | Filipiniana | UM Digos College - LIC | UM Digos College - LIC | 10/14/2008 | Purchased | DFil 174.2 F39 2008 | 19766 | 05/15/2025 | 1 | 04/21/2016 | Filipiniana | |||||
| Dewey Decimal Classification | Filipiniana | UM Digos College - LIC | UM Digos College - LIC | 10/14/2008 | Purchased | DFil 174.2 F39 2008 | 19767 | 05/15/2025 | 2 | 04/21/2016 | Filipiniana |
